| 000 | 00709nam a2200205 i 4500 | ||
|---|---|---|---|
| 001 | 85883 | ||
| 003 | ES-MaACL | ||
| 005 | 20240301063052.0 | ||
| 007 | t| | ||
| 008 | 041202s1977 sp ||||1| spa d | ||
| 100 | 0 |
_aKafka, Franz, _d1883-1924 _967400 |
|
| 245 | 1 | 0 |
_aEn la colonia penitenciaria / _cFranz Kafka ; con materiales para un relato de Klaus Wagenbach ; [traductores: Fausto Ezcurra y J.R. Wilcock]. |
| 260 |
_a[Barcelona] : _bGuadarrama, _c[1977] |
||
| 300 |
_a121 p. : _bil. ; _c18 cm. |
||
| 700 | 1 |
_aWagenbach, Klaus. _9115828 |
|
| 700 | 1 |
_aEzcurra RolĂn, Fausto. _948465 |
|
| 700 | 1 |
_aWilcock, J.R. _9116806 |
|
| 852 |
_aES-MaACL _jA-6639 _bR.95494 |
||
| 999 |
_c85883 _d85883 |
||